000 00341nam a2200133Ia 4500
005 20251222144711.0
008 251222s9999||||xx |||||||||||||| ||spa||
020 _a84-399-3502-1
082 _a251.95/M22/1991
245 0 _aManual Oficial de la Legión de María
250 _a20a.ed.
264 _bConcilium Legionis Mariae
942 _cLIB
999 _c17830
_d17830